[Event "TUR Cup"]
[Site "Antalya"]
[Date "2020.01.27"]
[Round "2"]
[White "Suvar, Necati"]
[Black "Araboga, Mesut"]
[Result "0-1"]
[WhiteElo "1359"]
[BlackElo "1627"]
[PlyCount "63"]
[EventDate "2020.01.26"]
[EventType "swiss"]
[EventRounds "11"]
[EventCountry "TUR"]
[SourceTitle "CBM 194 Extra"]
[Source "ChessBase"]
[SourceDate "2020.03.31"]
[SourceVersion "1"]
[SourceVersionDate "2020.03.31"]
[SourceQuality "1"]

1. c4 f5 2. Nf3 Nf6 3. g3 g6 4. Nc3 Bg7 5. Bg2 c6 6. d4 d6 7. 0-0 0-0 8. b3 c5 9. Bb2 Nc6 10. d5 Nb8 11. Qc2 Na6 12. a3 Nc7 13. Rad1 Rb8 14. Nh4 Ng4 15. e4 f4 16. Ne2 e5 17. Nf3 fxg3 18. hxg3 b5 19. Bc3 Qe7 20. Rb1 Bd7 21. Ba5 Ne8 22. Bd2 h6 23. Nh4 Kh7 24. Rb2 h5 25. Qc1 Bh6 26. Bxh6 Nxh6 27. Nf3 Ng4 28. Ng5+ Kg7 29. f4 bxc4 30. bxc4 Nef6 31. Rxb8 Rxb8 32. Kh1 0-1

[Event "TUR Cup"]
[Site "Antalya"]
[Date "2017.01.29"]
[Round "3"]
[White "Tekin, Muhammed Rasit"]
[Black "Araboga, Mesut"]
[Result "0-1"]
[WhiteElo "1186"]
[BlackElo "1728"]
[PlyCount "50"]
[EventDate "2017.01.28"]
[EventType "swiss"]
[EventRounds "11"]
[EventCountry "TUR"]
[SourceTitle "CBM 176 Extra"]
[Source "ChessBase"]
[SourceDate "2017.03.02"]
[SourceVersion "1"]
[SourceVersionDate "2017.03.02"]
[SourceQuality "1"]

1. e4 e5 2. Nf3 Nc6 3. Bc4 Nf6 4. Ng5 d5 5. exd5 Na5 6. Bb5+ c6 7. dxc6 bxc6 8. Qe2 cxb5 9. Qxb5+ Bd7 10. Qxe5+ Be7 11. Nc3 0-0 12. h3 Re8 13. 0-0 Nc6 14. Qf4 h6 15. Nge4 Nxe4 16. Nxe4 Nd4 17. Qe5 Bxh3 18. c3 Ne2+ 19. Kh1 Bg5 20. Qd6 Bxg2+ 21. Kxg2 Rxe4 22. Qxd8+ Rxd8 23. Kf3 Re6 24. Re1 Nd4+ 25. cxd4 Rxe1 0-1